• 首页
  • 本馆介绍
  • 公告通知
  • 最新文献
  • 馆藏检索
  • 电子资源
  • 读者导购
  • 参考咨询
  • 我的图书馆
  • 登录
  • 详细信息显示
  • 放入我的书架
  • 预约/预借图书
  • 作者相关作品
  • 分类相关作品
  • 丛书相关作品
  • 出版社相关作品

书目信息

  • 表格格式
  • 工作单格式
  • 卡片格式
题名:
中国医院人际关系学
    
 
作者: 李殿富 , 郭乡村 主编
分册:  
出版信息: 长春   吉林人民出版社  2005
页数: 282页
开本: 20cm
丛书名:
单 册:
中图分类: R197.322
科图分类:
主题词: 医院--人际关系学 , 医院 , 人际关系学
电子资源:
ISBN: 7-206-03746-1
000 00959nam0 2200277 45
001 012006012109
005 20070707105747.14
010    @a7-206-03746-1@dCNY27.50
092    @aCN@b485619
100    @a20060121d2005 em y0chiy0121 ea
101 0  @achi
102    @aCN@b220000
105    @ay z 000yy
200 1  @a中国医院人际关系学@Azhong guo yi yuan ren ji guan xi xue@f李殿富,郭乡村主编@Fli dian fu, guo xiang cun zhu bian
205    @a2版
210    @a长春@c吉林人民出版社@d2005
215    @a282页@d20cm
330    @a本书主要内容包括医院人际关系的基础理论、医院人际关系的特点、医务工作者之间的人际关系、医院领导、管理及服务系统的人际关系、医院人际交往的行为规范、改善医院人际关系的途径等。
606 0  @a医院@x人际关系学
606 0  @a医院
606 0  @a人际关系学
690    @aR197.322@v4
701  0 @a李殿富@Ali dian fu@4主编
701  0 @a郭乡村@Aguo xiang cun@4主编
801  0 @aCN@bLZJBOOK@c20070707
905    @a10447@dR197.322@e158=2
    
    中国医院人际关系学/李殿富,郭乡村主编.-2版.-长春:吉林人民出版社,2005
    282页;20cm
    
    
    ISBN 7-206-03746-1:CNY27.50
    本书主要内容包括医院人际关系的基础理论、医院人际关系的特点、医务工作者之间的人际关系、医院领导、管理及服务系统的人际关系、医院人际交往的行为规范、改善医院人际关系的途径等。
●
相关链接 在E读中查询图书 在五车中查询图书 在当当中查询图书 在豆瓣中查询图书


正题名:中国医院人际关系学     索取号:R197.322/158=2         预约/预借

序号 登录号 条形码 馆藏地/架位号 状态 备注
1 0563460   205634606   第二样本阅览室/ [索取号:R197.322/158=2] 在馆    
2 0563461   205634615   教育系资料室/ [索取号:R197.322/158=2] 在馆    
3 0563462   205634624   教育系资料室/ [索取号:R197.322/158=2] 在馆    
4 0563463   205634633   教育系资料室/ [索取号:R197.322/158=2] 在馆    
5 0563464   205634642   第三借阅区/ [索取号:R197.322/158=2] 在馆    
6 0563465   205634651   第三借阅区/ [索取号:R197.322/158=2] 在馆    
7 0563466   205634660   第三借阅区/ [索取号:R197.322/158=2] 在馆    
8 0563467   205634679   第三借阅区/ [索取号:R197.322/158=2] 在馆    
唐山师范学院图书馆 欢迎您!
大连网信软件有限公司© 版权所有